LEADER 01405nam2-2200409---450- 001 990001783150203316 005 20160713104825.0 035 $a000178315 035 $aUSA01000178315 035 $a(ALEPH)000178315USA01 035 $a000178315 100 $a20040623d1984----km-y0enga50------ba 101 0 $aita 102 $aIT 105 $ay|||z|||001yy 200 1 $aFormulae ficticiae$econtributo allo studio della riforma giudiziaria di Augusto$fDi Lella, Luigi 210 $aNapoli$cE. Jovene$d1984 215 $a204 p.$d24 cm 225 2 $aPubblicazioni della facoltà giuridica dell'Università di Napoli$v177 410 0$aPubblicazioni della facoltà giuridica dell'Università di Napoli$1001000615922$v177 606 0 $aFictiones juris 606 0 $aDiritto romano 676 $a340.54 700 1$aDI LELLA,$bLuigi$0155000 801 0$aIT$bsalbc$gISBD 912 $a990001783150203316 951 $aXXX.A. Coll. 205/ 104 (X 13 I 177)$b41465 G.$cXXX.A. Coll. 205/ 104 (X 13 I 177)$d00139127 959 $aBK 969 $aGIU 979 $aMARIA$b10$c20040623$lUSA01$h1004 979 $aRENATO$b90$c20041118$lUSA01$h1220 979 $aRENATO$b90$c20041118$lUSA01$h1221 979 $aRSIAV2$b90$c20100909$lUSA01$h1024 979 $aCHIARA$b90$c20120625$lUSA01$h1702 979 $aBOCCONE$b90$c20160713$lUSA01$h1048 996 $aFormulae ficticiae$9469052 997 $aUNISA